Responses for Show #8664 - Thursday, June 16, 2022

Megan Wachspress game 3.

Contestants

[<< previous game]

Sarah Borrelli, an attorney from Hamilton, Montana

Steve Ruiz, a doctoral student from Gilbert, Arizona

Megan Wachspress, an attorney from Berkeley, California (whose 2-day cash winnings total $28,801)

[next game >>]

Jeopardy! Round responses

ARTISTS & THEIR SUBJECTS
ALL ALLITERATIVE FAMILIAR PHRASES
CLASSIC LIT
HORROR MOVIES
GET OUT
THE "O" MEN
    $200 1
Frida Kahlo

Megan
    $200 19
(Megan: What are toes?)

last legs

Megan
Triple Stumper
    $200 14
a mongoose

Sarah
    $200 11
Halloween

Steve
    $200 26
a school board

Sarah
    $200 5
Otis

Sarah
    $1,000 2
Barack Obama

Megan
    $400 20
peer pressure

Megan
    $400 15
Hawthorne

Sarah
    $400 12
(Megan: What is Friday the 13th?)

Scream

MeganSteve
    $400 27
Napa Valley

Sarah
    $400 6
Onassis

Steve
    $600 3
Degas

Megan
    $600 21
starstruck

Steve
    $600 16
the Artful Dodger

Sarah
    $600 13
the Candyman

Sarah
    $600 28
Brazil

Megan
    $600 7
Nick Offerman

Steve
    $800 4
a Minotaur

Steve
    $800 22
the dog days

Steve
    $800 17
Blake

Megan
    $800 24
Daniel Kaluuya

Steve
    $800 29
speed dating

Megan
    $800 8
Ohm

Megan
    $1000 9
Homer

Steve
    $1000 23
tempest-tost

Triple Stumper
    $1000 18
Go Tell It on the Mountain

Megan
    $1000 25
Damien

Steve
    $1000 30
fennel

Megan
    $1000 10
Jacques Offenbach

Triple Stumper

Scores at the first commercial break (after clue 15):

Megan Steve Sarah
$2,200 $3,400 $1,400

Scores at the end of the Jeopardy! Round:

Megan Steve Sarah
$6,600 $6,600 $2,600

Double Jeopardy! Round responses

WHO WAS WHERE, WHEN
PLACES IN THE USA
IT'S ALL RELATIVITY
CLASSIC CARS
EVERYTHING'S COMING UP ROSES
FROM "B" TO "I"
(Mayim: Those are the first and last letters of each response.)
    $400 21
the U2

Steve
    $400 16
(Mayim: I'm glad you got that one right, yes.)

Arizona

Steve
    $400 11
a black hole

Steve
    $400 26
gullwing

Steve
    $400 6
Beauty and the Beast

Sarah
    $400 1
a bikini

Steve
    $800 22
Elba

Sarah
    $800 17
(Megan: What is Old Faithful?)

Soda Springs

MeganSarah
    $800 12
Neil deGrasse Tyson

Sarah
    $800 27
Ferrari

Sarah
    $800 7
Bette Midler

Triple Stumper
    $800 2
(Sarah: [*], what is [*]?)

bambini

Sarah
    $1200 23
Iwo Jima

Steve
    $2,000 18
Wilmington

Sarah
    $1200 13
E=MC2

Sarah
    $1200 28
a Duesenberg

Sarah
    $1200 8
Rose Leslie

Steve
    $1200 3
a bouzouki

Triple Stumper
    $1600 24
Lafayette

Sarah
    $1600 19
Muscle Shoals

Triple Stumper
    $4,000 14
a wormhole

Sarah
    $1600 29
(Sarah: What is an Aston Martin?)

a Lotus

Sarah
Triple Stumper
    $1600 9
Lily-Rose Depp

Steve
    $1600 4
(Mayim: Yes, it's also adorable.)

a Basenji

Steve
    $2000 25
Allende

Megan
    $2000 20
(Megan: What is Salem?)

Corvallis

MeganSteve
    $2000 15
the space-time continuum

Megan
    $2000 30
(Sarah: What is an Aston Martin?)

an Austin-Healey

Sarah
Triple Stumper
    $2000 10
Gypsy

Megan
    $2000 5
a bindi

Megan

Scores at the end of the Double Jeopardy! Round:

Megan Steve Sarah
$11,800 $16,200 $13,400

[wagering suggestions for these scores]

Final Jeopardy! Round responses

DEBUT NOVELS
(Mayim: That's Diana Gabaldon's series about Jamie and Claire; their love endures over centuries thanks to time travel.)
MeganWhat is Wolf Hall?
$6,199
SarahWhat is Interview with a Vampire?
$10,000
SteveWhat is Abraham Lin
$10,601
Outlander

Final scores:

Megan Steve Sarah
$5,601 $5,599 $3,400
3-day champion: $34,402 2nd place: $2,000 3rd place: $1,000

Game dynamics:

Coryat scores:

Megan Steve Sarah
$11,200 $16,200 $10,200
14 R
(including 1 DD),
4 W
20 R,
0 W
18 R
(including 2 DDs),
2 W

Combined Coryat: $37,600

[game clues] [game scores] [suggest correction]

Game tape date: 2022-04-20
The J! Archive is created by fans, for fans. Scraping, republication, monetization, and malicious use prohibited; this site may use cookies and collect identifying information. See terms. The Jeopardy! game show and all elements thereof, including but not limited to copyright and trademark thereto, are the property of Jeopardy Productions, Inc. and are protected under law. This website is not affiliated with, sponsored by, or operated by Jeopardy Productions, Inc. Join the discussion at JBoard.tv.